[Event "Portugal Open Semirrapidas"]
[Site "Lisboa POR"]
[Date "2020.02.02"]
[Round "3.11"]
[White "NOGUEIRA, Nelson"]
[Black "JARACZ, Pawel"]
[Result "1/2-1/2"]
[BlackElo "2434"]
[WhiteElo "2132"]
[LiveChessVersion "1.4.8"]

1. d4 {[%clk 0:14:38]} Nf6 {[%clk 0:15:08]} 2. Bf4 {[%clk 0:14:37]} e6
{[%clk 0:15:05]} 3. e3 {[%clk 0:14:37]} c5 {[%clk 0:15:01]} 4. c3
{[%clk 0:14:15]} Nc6 {[%clk 0:15:00]} 5. Bd3 {[%clk 0:14:15]} d5 {[%clk 0:14:52]}
6. Nd2 {[%clk 0:13:27]} Bd6 {[%clk 0:14:00]} 7. Bg3 {[%clk 0:12:44]} b6
{[%clk 0:13:56]} 8. Ngf3 {[%clk 0:12:44]} Bb7 {[%clk 0:13:59]} 9. O-O
{[%clk 0:12:41]} O-O {[%clk 0:13:47]} 10. Re1 {[%clk 0:12:19]} Bxg3
{[%clk 0:13:32]} 11. hxg3 {[%clk 0:12:20]} Qd6 {[%clk 0:11:39]} 12. e4
{[%clk 0:10:04]} dxe4 {[%clk 0:11:41]} 13. Nxe4 {[%clk 0:08:48]} Nxe4
{[%clk 0:11:42]} 14. Bxe4 {[%clk 0:08:51]} Rad8 {[%clk 0:10:55]} 15. dxc5
{[%clk 0:07:36]} Qxc5 {[%clk 0:10:49]} 16. Qe2 {[%clk 0:07:29]} g6
{[%clk 0:08:34]} 17. Rad1 {[%clk 0:07:31]} Kg7 {[%clk 0:07:34]} 18. Rxd8
{[%clk 0:07:17]} Rxd8 {[%clk 0:07:37]} 19. Rd1 {[%clk 0:07:20]} Rd6
{[%clk 0:05:51]} 20. Rxd6 {[%clk 0:05:50]} Qxd6 {[%clk 0:05:55]} 21. Qd2
{[%clk 0:05:53]} Qxd2 {[%clk 0:05:49]} 22. Nxd2 {[%clk 0:05:54]} f5
{[%clk 0:05:49]} 23. Bf3 {[%clk 0:05:05]} e5 {[%clk 0:05:51]} 24. Bd5 Kf6
{[%clk 0:05:34]} 25. f3 {[%clk 0:04:34]} Na5 {[%clk 0:05:04]} 26. Bxb7
{[%clk 0:04:27]} Nxb7 {[%clk 0:05:08]} 27. Kf2 {[%clk 0:04:05]} Nc5
{[%clk 0:05:06]} 28. b3 {[%clk 0:03:12]} g5 {[%clk 0:04:47]} 29. Nc4
{[%clk 0:02:45]} Ke6 {[%clk 0:04:26]} 30. Ke3 {[%clk 0:02:14]} h5
{[%clk 0:04:18]} 31. Na3 {[%clk 0:02:01]} a6 {[%clk 0:03:38]} 32. Nc2
{[%clk 0:01:55]} a5 {[%clk 0:03:09]} 33. Na3 {[%clk 0:01:51]} Kd5
{[%clk 0:02:58]} 34. c4+ {[%clk 0:00:54]} Kc6 {[%clk 0:02:32]} 35. Nb5
{[%clk 0:00:53]} f4+ {[%clk 0:02:21]} 36. gxf4 {[%clk 0:00:55]} gxf4+
{[%clk 0:02:12]} 37. Ke2 {[%clk 0:00:52]} Ne6 {[%clk 0:01:24]} 38. Kd3
{[%clk 0:00:42]} Ng5 {[%clk 0:01:28]} 39. Nc3 {[%clk 0:00:39]} h4
{[%clk 0:01:21]} 40. Ne4 {[%clk 0:00:40]} h3 {[%clk 0:01:17]} 41. gxh3
{[%clk 0:00:40]} Nxf3 {[%clk 0:01:06]} 42. a3 {[%clk 0:00:31]} Kd7
{[%clk 0:00:49]} 43. b4 {[%clk 0:00:26]} axb4 {[%clk 0:00:50]} 44. axb4
{[%clk 0:00:30]} Ke6 {[%clk 0:00:37]} 45. Ke2 {[%clk 0:00:20]} Nd4+
{[%clk 0:00:24]} 46. Kd3 {[%clk 0:00:19]} Nf5 {[%clk 0:00:28]} 47. Ng5+
{[%clk 0:00:17]} Kd6 {[%clk 0:00:27]} 48. Ke4 {[%clk 0:00:11]} Ng3+
{[%clk 0:00:30]} 49. Kf3 {[%clk 0:00:15]} Nf5 {[%clk 0:00:20]} 50. Ke4
{[%clk 0:00:19]} Ng3+ {[%clk 0:00:25]} 51. Kf3 {[%clk 0:00:23]} Nf5
{[%clk 0:00:21]} 52. Ke4 {[%clk 0:00:27]} Ng3+ 53. Kf3 Nf5 {[%clk 0:15:05]}
1/2-1/2

[Event "Portugal Open Semirrapidas"]
[Site "Lisboa POR"]
[Date "2020.02.02"]
[Round "3.12"]
[White "LÖFFNER, Stefan"]
[Black "SANTOS, José Guilherme Bárria"]
[Result "1/2-1/2"]
[BlackElo "2135"]
[WhiteElo "2411"]
[LiveChessVersion "1.4.8"]

1. e4 {[%clk 0:15:07]} c5 {[%clk 0:15:05]} 2. Nf3 {[%clk 0:15:10]} d6
{[%clk 0:15:09]} 3. d4 {[%clk 0:15:14]} cxd4 {[%clk 0:15:13]} 4. Nxd4
{[%clk 0:15:18]} Nf6 {[%clk 0:15:16]} 5. f3 {[%clk 0:15:22]} e5 {[%clk 0:14:59]}
6. Nb3 {[%clk 0:15:25]} Be6 {[%clk 0:15:01]} 7. c4 {[%clk 0:15:22]} Nbd7
{[%clk 0:13:47]} 8. Nc3 {[%clk 0:15:25]} Rc8 {[%clk 0:13:52]} 9. Nd5
{[%clk 0:15:28]} Bxd5 {[%clk 0:13:56]} 10. cxd5 {[%clk 0:15:30]} Qb6
{[%clk 0:13:55]} 11. Qe2 {[%clk 0:14:17]} Nc5 {[%clk 0:12:50]} 12. Be3
{[%clk 0:13:46]} Nfd7 {[%clk 0:12:55]} 13. Rb1 {[%clk 0:12:38]} a6
{[%clk 0:11:13]} 14. Nxc5 {[%clk 0:12:10]} dxc5 {[%clk 0:11:17]} 15. g3
{[%clk 0:09:30]} Qa5+ {[%clk 0:08:00]} 16. Kf2 {[%clk 0:09:33]} Bd6
{[%clk 0:06:47]} 17. Bh3 {[%clk 0:09:28]} Rc7 {[%clk 0:06:34]} 18. Qc2
{[%clk 0:07:49]} O-O {[%clk 0:06:23]} 19. Rhc1 {[%clk 0:07:28]} Rd8
{[%clk 0:04:55]} 20. Bg5 {[%clk 0:07:20]} f6 {[%clk 0:04:37]} 21. Bd2
{[%clk 0:06:57]} Qb6 {[%clk 0:04:40]} 22. Ke2 {[%clk 0:04:44]} c4
{[%clk 0:02:50]} 23. a4 {[%clk 0:04:44]} Nc5 {[%clk 0:02:50]} 24. a5
{[%clk 0:03:25]} Qb5 {[%clk 0:02:54]} 25. Qxc4 {[%clk 0:03:28]} Nb3
{[%clk 0:02:58]} 26. Qxb5 {[%clk 0:03:31]} Nxc1+ {[%clk 0:03:02]} 27. Rxc1
{[%clk 0:03:17]} axb5 {[%clk 0:03:05]} 28. Rxc7 {[%clk 0:03:13]} Bxc7
{[%clk 0:03:09]} 29. Kd1 {[%clk 0:03:10]} b6 {[%clk 0:02:55]} 30. axb6
{[%clk 0:02:37]} Bxb6 {[%clk 0:03:00]} 31. Bf1 {[%clk 0:02:29]} Bd4
{[%clk 0:03:04]} 32. Ba5 {[%clk 0:02:30]} Ra8 {[%clk 0:02:58]} 33. b4 Rb8 34. Bc7
{[%clk 0:02:17]} Rb7 {[%clk 0:02:20]} 35. d6 {[%clk 0:02:20]} Bb6
{[%clk 0:02:24]} 36. Bxb5 {[%clk 0:01:33]} Bxc7 {[%clk 0:02:29]} 37. Bc6
{[%clk 0:01:37]} Rb8 {[%clk 0:01:16]} 38. dxc7 {[%clk 0:01:40]} Rc8
{[%clk 0:01:21]} 39. b5 {[%clk 0:01:44]} Rxc7 {[%clk 0:01:25]} 40. Bd5+
{[%clk 0:01:27]} Kf8 {[%clk 0:01:30]} 41. b6 Rc5 42. b7 {[%clk 0:01:31]} Rb5
{[%clk 0:01:39]} 43. f4 {[%clk 0:01:03]} Ke7 {[%clk 0:01:21]} 44. Ke2
{[%clk 0:00:59]} Kd6 {[%clk 0:01:01]} 45. Kf3 {[%clk 0:01:03]} h5
{[%clk 0:01:04]} 46. g4 {[%clk 0:00:57]} hxg4+ {[%clk 0:00:25]} 47. Kxg4
{[%clk 0:00:58]} exf4 {[%clk 0:00:28]} 48. Kxf4 {[%clk 0:00:59]} Kc7
{[%clk 0:00:30]} 49. Kf5 {[%clk 0:00:43]} Rb2 {[%clk 0:00:32]} 50. Kg6
{[%clk 0:00:41]} Rxh2 {[%clk 0:00:13]} 51. Kxg7 {[%clk 0:00:45]} Rf2
{[%clk 0:00:17]} 52. Kf7 {[%clk 0:00:44]} Rf1 {[%clk 0:00:16]} 53. Ke7 1/2-1/2

[Event "Portugal Open Semirrapidas"]
[Site "Lisboa POR"]
[Date "2020.02.02"]
[Round "3.13"]
[White "SANTOS, António P"]
[Black "TABOAS RODRIGUEZ, Daniel"]
[Result "1-0"]
[BlackElo "2411"]
[WhiteElo "2116"]
[LiveChessVersion "1.4.8"]

1. d4 {[%clk 0:15:07]} Nf6 {[%clk 0:15:09]} 2. c4 {[%clk 0:15:10]} g6
{[%clk 0:15:14]} 3. Nc3 {[%clk 0:15:13]} Bg7 {[%clk 0:15:18]} 4. e4
{[%clk 0:15:17]} d6 {[%clk 0:15:22]} 5. Nf3 {[%clk 0:15:19]} O-O {[%clk 0:15:25]}
6. Be2 {[%clk 0:15:23]} e5 {[%clk 0:15:29]} 7. O-O {[%clk 0:15:25]} Nc6
{[%clk 0:15:26]} 8. d5 {[%clk 0:15:29]} Ne7 {[%clk 0:15:30]} 9. Ne1
{[%clk 0:15:31]} Ne8 {[%clk 0:15:34]} 10. Nd3 {[%clk 0:15:35]} f5
{[%clk 0:15:37]} 11. Bd2 {[%clk 0:15:38]} Nf6 {[%clk 0:15:14]} 12. f3
{[%clk 0:15:41]} f4 {[%clk 0:15:17]} 13. c5 {[%clk 0:15:44]} g5 {[%clk 0:15:20]}
14. cxd6 {[%clk 0:15:48]} cxd6 {[%clk 0:15:24]} 15. Nf2 {[%clk 0:15:51]} Ng6
{[%clk 0:15:23]} 16. Qc2 {[%clk 0:15:49]} Rf7 {[%clk 0:14:15]} 17. Rfc1
{[%clk 0:15:52]} Ne8 {[%clk 0:13:52]} 18. Nb5 {[%clk 0:15:31]} a6
{[%clk 0:13:46]} 19. Na3 {[%clk 0:15:27]} b5 {[%clk 0:13:31]} 20. Nb1
{[%clk 0:15:30]} Qb6 {[%clk 0:13:14]} 21. Qc6 {[%clk 0:15:25]} Qxc6
{[%clk 0:13:03]} 22. dxc6 {[%clk 0:15:28]} Nc7 {[%clk 0:08:16]} 23. a4
{[%clk 0:15:28]} Rb8 {[%clk 0:07:12]} 24. axb5 {[%clk 0:15:30]} axb5
{[%clk 0:07:17]} 25. Ba5 {[%clk 0:14:51]} Be6 {[%clk 0:06:15]} 26. Nc3
{[%clk 0:14:33]} Kf8 {[%clk 0:05:16]} 27. Nd3 {[%clk 0:14:33]} Bc4
{[%clk 0:04:11]} 28. Nb4 {[%clk 0:14:27]} Bxe2 {[%clk 0:04:13]} 29. Nxe2
{[%clk 0:14:30]} Ne6 {[%clk 0:02:54]} 30. Nd5 {[%clk 0:14:25]} Ra7
{[%clk 0:01:48]} 31. Bb4 {[%clk 0:14:19]} Rxa1 {[%clk 0:01:45]} 32. Bxd6+
{[%clk 0:14:22]} Ke8 {[%clk 0:01:47]} 33. Rxa1 {[%clk 0:13:50]} Rc8
{[%clk 0:01:47]} 34. c7 {[%clk 0:13:44]} Bf8 {[%clk 0:01:15]} 35. Nb6
{[%clk 0:13:47]} Bxd6 {[%clk 0:01:13]} 36. Nxc8 {[%clk 0:13:50]} Bxc7
{[%clk 0:01:16]} 37. Na7 {[%clk 0:13:35]} b4 {[%clk 0:01:20]} 38. Nc6
{[%clk 0:13:05]} b3 {[%clk 0:01:24]} 39. Na5 {[%clk 0:12:16]} Nc5
{[%clk 0:01:25]} 40. Nc4 {[%clk 0:12:20]} Kd7 {[%clk 0:01:20]} 41. Nc3
{[%clk 0:12:11]} Kc6 {[%clk 0:01:11]} 42. Kf1 {[%clk 0:12:14]} h5
{[%clk 0:00:39]} 43. Ke2 {[%clk 0:12:13]} g4 {[%clk 0:00:43]} 44. g3
{[%clk 0:11:52]} h4 {[%clk 0:00:15]} 45. gxh4 {[%clk 0:11:51]} gxf3+
{[%clk 0:00:19]} 46. Kxf3 {[%clk 0:11:54]} Nxh4+ {[%clk 0:00:23]} 47. Ke2
{[%clk 0:10:45]} Ne6 {[%clk 0:00:20]} 48. Ra6+ {[%clk 0:10:18]} Kc5
{[%clk 0:00:22]} 49. Rxe6 {[%clk 0:10:19]} f3+ {[%clk 0:00:15]} 50. Kf2
{[%clk 0:10:12]} Kxc4 {[%clk 0:00:18]} 51. Rc6+ {[%clk 0:10:16]} Kd3
{[%clk 0:00:22]} 52. Rxc7 {[%clk 0:10:20]} Kc2 {[%clk 0:00:26]} 53. Na4+
{[%clk 0:10:24]} Kd3 {[%clk 0:00:28]} 54. Rc3+ {[%clk 0:10:26]} Kxe4
{[%clk 0:00:30]} 55. Rxb3 {[%clk 0:10:30]} Kf4 {[%clk 0:00:30]} 56. Nc3
{[%clk 0:10:24]} 1-0

[Event "Portugal Open Semirrapidas"]
[Site "Lisboa POR"]
[Date "2020.02.02"]
[Round "3.14"]
[White "SABUK, Piotr"]
[Black "CAMBANDO, José"]
[Result "1-0"]
[BlackElo "2110"]
[WhiteElo "2398"]
[LiveChessVersion "1.4.8"]

1. d4 {[%clk 0:15:07]} Nf6 {[%clk 0:15:07]} 2. c4 {[%clk 0:15:10]} d6
{[%clk 0:15:11]} 3. Nf3 {[%clk 0:15:09]} Nbd7 {[%clk 0:15:14]} 4. Nc3
{[%clk 0:15:11]} c6 {[%clk 0:15:17]} 5. e4 e5 {[%clk 0:15:21]} 6. Be2
{[%clk 0:14:52]} Be7 {[%clk 0:15:24]} 7. O-O a5 8. h3 {[%clk 0:14:38]} O-O
{[%clk 0:15:29]} 9. Be3 {[%clk 0:14:42]} Re8 {[%clk 0:15:17]} 10. d5
{[%clk 0:14:45]} Bf8 {[%clk 0:15:12]} 11. a3 {[%clk 0:14:12]} c5 {[%clk 0:14:03]}
12. Ne1 {[%clk 0:14:08]} g6 {[%clk 0:13:41]} 13. Nd3 {[%clk 0:14:05]} b6
{[%clk 0:13:28]} 14. Qc2 {[%clk 0:13:05]} Ba6 {[%clk 0:13:25]} 15. b3
{[%clk 0:13:07]} a4 {[%clk 0:12:21]} 16. bxa4 {[%clk 0:11:43]} Bxc4
{[%clk 0:12:23]} 17. Nb2 {[%clk 0:11:46]} Bxe2 {[%clk 0:12:17]} 18. Qxe2
{[%clk 0:11:50]} Nh5 {[%clk 0:12:04]} 19. g3 Qc8 {[%clk 0:11:34]} 20. Nc4
{[%clk 0:11:36]} Qa6 {[%clk 0:11:27]} 21. Rab1 {[%clk 0:10:00]} Ng7 22. Rb5 f5
{[%clk 0:11:21]} 23. Rfb1 {[%clk 0:10:03]} Reb8 {[%clk 0:10:45]} 24. Bg5
{[%clk 0:07:50]} Ne8 {[%clk 0:10:03]} 25. Qf3 Nc7 {[%clk 0:10:06]} 26. exf5
{[%clk 0:07:32]} Nxb5 {[%clk 0:10:05]} 27. axb5 {[%clk 0:06:11]} Qc8
{[%clk 0:09:17]} 28. Ne4 gxf5 29. Qxf5 {[%clk 0:06:14]} Bg7 {[%clk 0:08:01]} 30.
Ncxd6 {[%clk 0:06:12]} Qc7 31. Qe6+ Kh8 {[%clk 0:07:36]} 32. Nf7+
{[%clk 0:06:15]} Kg8 33. Qf5 Qd6 34. Nfxd6 1-0

[Event "Portugal Open Semirrapidas"]
[Site "Lisboa POR"]
[Date "2020.02.02"]
[Round "3.15"]
[White "FIDALGO, Daniel Neves"]
[Black "MARTÍN DUQUE, Jesús"]
[Result "0-1"]
[BlackElo "2384"]
[WhiteElo "2109"]
[LiveChessVersion "1.4.8"]

1. c4 {[%clk 0:15:08]} e5 {[%clk 0:15:09]} 2. g3 {[%clk 0:15:12]} Bc5
{[%clk 0:15:05]} 3. Bg2 {[%clk 0:15:14]} Nc6 {[%clk 0:15:06]} 4. Nc3
{[%clk 0:15:16]} d6 {[%clk 0:15:02]} 5. e3 {[%clk 0:15:09]} a6 {[%clk 0:15:02]}
6. a3 {[%clk 0:15:08]} Nge7 {[%clk 0:14:57]} 7. b4 {[%clk 0:14:24]} Ba7
{[%clk 0:15:00]} 8. Nd5 {[%clk 0:14:22]} Rb8 {[%clk 0:14:15]} 9. Ne2
{[%clk 0:13:53]} Nxd5 {[%clk 0:14:06]} 10. cxd5 {[%clk 0:13:56]} Ne7
{[%clk 0:14:10]} 11. d4 {[%clk 0:13:53]} Bg4 {[%clk 0:13:27]} 12. dxe5
{[%clk 0:12:59]} dxe5 {[%clk 0:13:29]} 13. h3 {[%clk 0:13:00]} Bf5
{[%clk 0:13:22]} 14. Bb2 {[%clk 0:12:58]} f6 {[%clk 0:13:18]} 15. Rc1
{[%clk 0:12:26]} Qd7 {[%clk 0:12:59]} 16. g4 {[%clk 0:11:18]} Bg6
{[%clk 0:13:03]} 17. Ng3 {[%clk 0:11:02]} Bf7 {[%clk 0:12:45]} 18. e4
{[%clk 0:09:27]} Ng6 {[%clk 0:12:47]} 19. O-O {[%clk 0:08:37]} Nf4
{[%clk 0:12:45]} 20. Ne2 {[%clk 0:08:31]} Nxg2 {[%clk 0:11:56]} 21. Kxg2
{[%clk 0:08:35]} h5 {[%clk 0:11:59]} 22. Ng3 {[%clk 0:08:35]} g6 {[%clk 0:11:16]}
23. g5 {[%clk 0:08:05]} h4 {[%clk 0:10:36]} 24. Ne2 {[%clk 0:08:05]} fxg5
{[%clk 0:07:15]} 25. Bxe5 {[%clk 0:08:08]} O-O {[%clk 0:07:10]} 26. Rxc7
{[%clk 0:05:49]} Qe8 {[%clk 0:07:10]} 27. Qa1 {[%clk 0:05:33]} Kh7
{[%clk 0:07:10]} 28. f3 {[%clk 0:05:34]} Bb6 {[%clk 0:07:02]} 29. Rxf7+
{[%clk 0:05:00]} Rxf7 {[%clk 0:06:55]} 30. Bxb8 Qxb8 {[%clk 0:06:58]} 31. Qc1
{[%clk 0:04:50]} Qe5 {[%clk 0:06:55]} 32. Qc3 {[%clk 0:04:39]} Qd6
{[%clk 0:06:44]} 33. Qd2 {[%clk 0:04:26]} Bc7 {[%clk 0:06:41]} 34. f4
{[%clk 0:03:53]} gxf4 {[%clk 0:06:36]} 35. Kf3 {[%clk 0:03:35]} Qe5
{[%clk 0:06:40]} 36. Rg1 {[%clk 0:03:33]} Bb6 {[%clk 0:04:23]} 37. Rg4
{[%clk 0:03:34]} g5 {[%clk 0:04:22]} 38. Qc3 {[%clk 0:03:08]} Qxc3+
{[%clk 0:04:01]} 39. Nxc3 {[%clk 0:03:13]} Bd4 {[%clk 0:04:04]} 40. Ne2
{[%clk 0:02:59]} Bf6 {[%clk 0:04:06]} 41. e5 {[%clk 0:03:03]} Bxe5
{[%clk 0:04:01]} 42. Rxg5 {[%clk 0:03:07]} Bd6 {[%clk 0:04:02]} 43. Rh5+
{[%clk 0:03:02]} Kg6 {[%clk 0:04:05]} 44. Rxh4 {[%clk 0:03:06]} Kg5
{[%clk 0:04:05]} 45. Rg4+ {[%clk 0:03:07]} Kf5 {[%clk 0:04:08]} 46. h4
{[%clk 0:02:44]} Rc7 {[%clk 0:04:07]} 47. Rg5+ {[%clk 0:02:45]} Kf6
{[%clk 0:04:09]} 48. Nxf4 {[%clk 0:02:42]} Rc3+ {[%clk 0:04:10]} 49. Kg4
{[%clk 0:02:46]} Rxa3 {[%clk 0:03:58]} 50. Nh5+ {[%clk 0:02:39]} Kf7
{[%clk 0:03:41]} 51. Rg7+ {[%clk 0:02:43]} Kf8 {[%clk 0:03:46]} 52. Rxb7
{[%clk 0:02:47]} Ra4 {[%clk 0:03:43]} 53. Kf5 {[%clk 0:02:47]} Rxb4
{[%clk 0:03:32]} 54. Rd7 {[%clk 0:01:09]} Be7 {[%clk 0:03:10]} 55. Nf4
{[%clk 0:00:44]} Bxh4 {[%clk 0:02:53]} 56. Ng6+ {[%clk 0:00:49]} Ke8
{[%clk 0:02:50]} 57. Rh7 {[%clk 0:00:50]} Bg3 {[%clk 0:02:31]} 58. Ra7
{[%clk 0:00:48]} Rb6 {[%clk 0:02:28]} 59. Re7+ {[%clk 0:00:44]} Kd8
{[%clk 0:02:30]} 60. Re3 {[%clk 0:00:32]} Bd6 {[%clk 0:02:24]} 61. Nh8
{[%clk 0:00:28]} Kd7 {[%clk 0:02:19]} 62. Nf7 {[%clk 0:00:30]} Rb5
{[%clk 0:01:59]} 63. Ne5+ {[%clk 0:00:34]} Kc7 {[%clk 0:01:53]} 64. Rc3+
{[%clk 0:00:37]} Kb7 {[%clk 0:01:56]} 65. Ke6 {[%clk 0:00:41]} Bb4
{[%clk 0:01:45]} 66. Rc2 {[%clk 0:00:40]} a5 {[%clk 0:01:42]} 67. d6
{[%clk 0:00:41]} Rb6 {[%clk 0:01:35]} 68. Nc4 {[%clk 0:00:42]} Rc6
{[%clk 0:01:27]} 69. Kd7 {[%clk 0:00:43]} Rc5 {[%clk 0:01:13]} 70. Ke8
{[%clk 0:00:30]} Rf5 {[%clk 0:00:55]} 71. Nxa5+ {[%clk 0:00:26]} Bxa5
{[%clk 0:00:51]} 72. Rb2+ {[%clk 0:00:28]} Kc6 {[%clk 0:00:53]} 73. d7
{[%clk 0:00:26]} Re5+ {[%clk 0:00:53]} 74. Kf7 {[%clk 0:00:30]} Kxd7
{[%clk 0:00:57]} 75. Rb7+ {[%clk 0:00:33]} Bc7 {[%clk 0:01:01]} 76. Rb3
{[%clk 0:00:37]} Rf5+ {[%clk 0:01:05]} 77. Kg6 {[%clk 0:00:41]} Rf2
{[%clk 0:01:06]} 78. Rd3+ {[%clk 0:00:45]} Bd6 {[%clk 0:01:11]} 79. Rd1
{[%clk 0:00:49]} Ke6 {[%clk 0:01:15]} 80. Kg5 {[%clk 0:00:52]} Rg2+
{[%clk 0:01:17]} 81. Kh4 {[%clk 0:00:56]} Be5 {[%clk 0:01:16]} 82. Rf1
{[%clk 0:00:56]} Kd5 {[%clk 0:01:12]} 83. Kh3 {[%clk 0:00:59]} Rg3+
{[%clk 0:01:14]} 84. Kh4 {[%clk 0:01:03]} Rg7 {[%clk 0:01:13]} 85. Kh3
{[%clk 0:01:03]} Ke4 {[%clk 0:01:17]} 86. Re1+ {[%clk 0:01:04]} Kf3
{[%clk 0:01:19]} 87. Rf1+ {[%clk 0:01:08]} Ke2 {[%clk 0:01:20]} 88. Rf5
{[%clk 0:01:12]} Bd4 {[%clk 0:01:15]} 89. Kh4 {[%clk 0:01:10]} Be3
{[%clk 0:01:11]} 90. Kh5 {[%clk 0:01:10]} Kd3 {[%clk 0:01:14]} 91. Kh4
{[%clk 0:01:13]} Ke4 {[%clk 0:01:18]} 92. Rf1 {[%clk 0:01:12]} Bf4
{[%clk 0:01:17]} 93. Rb1 {[%clk 0:01:06]} Rg2 {[%clk 0:01:06]} 94. Kh3
{[%clk 0:00:52]} Rg3+ {[%clk 0:01:09]} 95. Kh4 {[%clk 0:00:56]} Rg7
{[%clk 0:00:56]} 96. Rb4+ {[%clk 0:00:49]} Kf5 {[%clk 0:00:55]} 97. Rb5+
{[%clk 0:00:51]} Be5 {[%clk 0:00:59]} 98. Kh3 {[%clk 0:00:55]} Rg3+
{[%clk 0:00:56]} 99. Kh4 {[%clk 0:00:58]} Rg2 {[%clk 0:00:56]} 100. Rb3
{[%clk 0:00:52]} Ra2 {[%clk 0:00:29]} 101. Rd3 {[%clk 0:00:44]} Rb2
{[%clk 0:00:32]} 102. Rf3+ {[%clk 0:00:45]} Bf4 {[%clk 0:00:36]} 103. Ra3
{[%clk 0:00:23]} Rd2 {[%clk 0:00:33]} 104. Rb3 {[%clk 0:00:27]} Be5
{[%clk 0:00:29]} 105. Rf3+ {[%clk 0:00:28]} Ke4 {[%clk 0:00:33]} 106. Rb3
{[%clk 0:00:30]} Kf4 {[%clk 0:00:35]} 107. Kh5 {[%clk 0:00:29]} Rd6
{[%clk 0:00:27]} 108. Rb1 {[%clk 0:00:19]} Kf5 {[%clk 0:00:30]} 109. Rf1+
{[%clk 0:00:07]} Bf4 {[%clk 0:00:33]} 110. Rxf4+ {[%clk 0:00:06]} Kxf4
{[%clk 0:00:36]} 0-1

[Event "Portugal Open Semirrapidas"]
[Site "Lisboa POR"]
[Date "2020.02.02"]
[Round "3.16"]
[White "FERNANDES, António"]
[Black "CARNEIRO, Carlos"]
[Result "1-0"]
[BlackElo "2106"]
[WhiteElo "2358"]
[LiveChessVersion "1.4.8"]

1. d4 {[%clk 0:15:04]} g6 {[%clk 0:14:50]} 2. e4 {[%clk 0:15:05]} Bg7
{[%clk 0:14:52]} 3. Nc3 {[%clk 0:15:09]} d6 {[%clk 0:14:47]} 4. Nge2
{[%clk 0:15:06]} c6 {[%clk 0:14:43]} 5. a4 {[%clk 0:15:09]} a5 6. g3
{[%clk 0:15:04]} Nd7 {[%clk 0:14:42]} 7. Bg2 {[%clk 0:15:06]} Ngf6
{[%clk 0:14:44]} 8. O-O {[%clk 0:15:07]} O-O {[%clk 0:14:45]} 9. h3
{[%clk 0:15:10]} e5 {[%clk 0:14:46]} 10. Be3 {[%clk 0:14:03]} Re8
{[%clk 0:14:16]} 11. Re1 {[%clk 0:11:35]} Qe7 {[%clk 0:14:01]} 12. Qd2
{[%clk 0:08:22]} exd4 {[%clk 0:11:54]} 13. Nxd4 {[%clk 0:08:26]} Nc5
{[%clk 0:11:57]} 14. f4 {[%clk 0:05:07]} Nfd7 {[%clk 0:10:53]} 15. Bf2
{[%clk 0:04:54]} Nb6 {[%clk 0:10:18]} 16. b3 {[%clk 0:04:58]} Nbd7
{[%clk 0:10:18]} 17. Rad1 {[%clk 0:05:00]} Na6 {[%clk 0:10:04]} 18. Nce2
{[%clk 0:03:58]} Nb4 {[%clk 0:09:01]} 19. Nc1 {[%clk 0:03:46]} Qf8
{[%clk 0:07:23]} 20. Nd3 {[%clk 0:03:11]} Nxd3 {[%clk 0:06:21]} 21. Qxd3
{[%clk 0:03:15]} Nc5 {[%clk 0:06:02]} 22. Qd2 {[%clk 0:02:38]} h5
{[%clk 0:04:43]} 23. Re3 {[%clk 0:02:29]} Kh7 {[%clk 0:04:23]} 24. Nf3
{[%clk 0:02:05]} Kg8 {[%clk 0:04:05]} 25. Rde1 {[%clk 0:01:43]} Be6
{[%clk 0:03:26]} 26. Ng5 {[%clk 0:01:35]} Bf6 {[%clk 0:03:20]} 27. Nxe6
{[%clk 0:01:37]} Nxe6 {[%clk 0:03:21]} 28. Rd3 {[%clk 0:01:39]} Red8
{[%clk 0:03:00]} 29. h4 {[%clk 0:01:42]} Nc5 {[%clk 0:02:41]} 30. Bxc5
{[%clk 0:01:33]} dxc5 {[%clk 0:02:45]} 31. e5 {[%clk 0:01:38]} Be7
{[%clk 0:02:13]} 32. Be4 {[%clk 0:01:27]} c4 {[%clk 0:02:16]} 33. bxc4
{[%clk 0:01:24]} Rxd3 {[%clk 0:01:54]} 34. Bxd3 {[%clk 0:01:13]} Qd8
{[%clk 0:00:55]} 35. Qf2 {[%clk 0:01:00]} b6 {[%clk 0:00:52]} 36. Kg2
{[%clk 0:01:02]} Bc5 {[%clk 0:00:52]} 37. Qf3 {[%clk 0:01:04]} Qd4
{[%clk 0:00:55]} 38. f5 {[%clk 0:00:40]} Rf8 {[%clk 0:00:58]} 39. Kh3
{[%clk 0:00:10]} Kh7 {[%clk 0:01:00]} 40. Rf1 {[%clk 0:00:07]} Qxe5
{[%clk 0:00:54]} 41. Qxc6 {[%clk 0:00:11]} Bd6 {[%clk 0:00:16]} 42. Rf3
{[%clk 0:00:13]} Qe1 {[%clk 0:00:07]} 43. Kg2 {[%clk 0:00:11]} Qe5 1-0